000 00343nam a2200145 i 4500
001 bg
100 1 _aHIRTH, John Price
245 0 _aTeorija dislokacji /
_cJohn Price Hirth, Jens Lothe.
260 _aMoskva,
_c1972.
700 1 _aLOTHE, Jens
040 _cBPK
041 _apol
942 _cKS
008 s pl f |000 0 pol
999 _c27078
_d27078
856 _uhttp://koha.tu.koszalin.pl/cgi-bin/koha/opac-detail.pl?biblionumber=27078
_yKatalog online BPK